000 02251nam a2200625 i 4500
001 5293
003 KOSZ 005
005 20220905104344.0
008 220905s1980 pl a f 000 0 pol
015 _aUWD 1980/10667
020 _a8301008911
035 _a991013597869705066
035 _a(PL-WaBN)b13661760-48omnis_nlop
035 _ab13661760
035 _a(OCoLC)749398085
035 _azz2004911257
035 _a(PL)b0000001366176
035 _a(EXLNZ-48OMNIS_NETWORK)9910325187305606
040 _aWA N
_cWA N
_dKOSZ 005/RW
046 _k1980
080 _a624.014.2
080 _a(075.8)
245 0 0 _aStalowe konstrukcje budowlane :
_bpraca zbiorowa /
_cpod redakcją Janusza Medwadowskiego ; [autorzy J. Medwadowski et al. ].
250 _aWydanie I.
260 _aWarszawa :
_bPaństwowe Wydawnictwo Naukowe,
_c1980.
300 _a587, [1] stron :
_brysunki, wykresy ;
_c24 cm.
336 _aTekst
_btxt
_2rdacontent
337 _aBez urządzenia pośredniczącego
_bn
_2rdamedia
338 _aWolumin
_bnc
_2rdacarrier
380 _aKsiążki
380 _aPublikacje dydaktyczne
385 _mPoziom nauczania
_aSzkoły wyższe
388 1 _a1901-2000
388 1 _a1945-1989
504 _aBibliografia na stronach 585-[588].
521 8 _aSkrypt przeznaczony dla studentów wyższych szkół technicznych i akademii rolniczo-technicznych.
650 7 _aKonstrukcje budowlane
_2DBN
650 7 _aKonstrukcje stalowe
_2DBN
650 7 _aProjektowanie
655 7 _aPodręczniki akademickie
_2DBN
655 7 _aPraca zbiorowa
658 _aArchitektura i budownictwo
658 _aInżynieria i technika
700 1 _aMedwadowski, Janusz
_eAutor
_eRedakcja
700 1 _aWieczorek, Marcin
_eAutor
700 1 _aBojanowska, Zofia
_eAutor
700 1 _aAdamski, Jerzy
_eAutor
700 1 _aJuchniewicz, Jerzy
_eAutor
700 1 _aŁukowiak, Marian
_eAutor
700 1 _aMolski, Henryk
_eAutor
710 2 _aPaństwowe Wydawnictwo Naukowe
_4pbl
856 _uhttp://koha.tu.koszalin.pl/cgi-bin/koha/opac-detail.pl?biblionumber=5293
_yKatalog online BPK
942 _2UKD
_cKS
999 _c5293
_d5293